Normal view
MARC view
Entry Topical Term
001 - CONTROL NUMBER
- control field: 10462
003 - CONTROL NUMBER IDENTIFIER
- control field: HDC
005 - DATE AND TIME OF LATEST TRANSACTION
- control field: 20230624073331.0
008 - FIXED-LENGTH DATA ELEMENTS
- fixed length control field: 210204|| aca||aabn | a|a d
040 ## - CATALOGING SOURCE
- Original cataloging agency: HDC
- Transcribing agency: HDC
150 ## - HEADING--TOPICAL TERM
- Topical term or geographic name entry element: Global Islamic Economy Report
- Geographic subdivision: Dubai
670 ## - SOURCE DATA FOUND
- Source citation: Work cat.: (HDC): Zawya.com 10096, Islamic consumer spending to exceed $3.7 trillion in 2019, [no year]
